000 00352nam a2200145Ia 4500
008 231129s2008||||xx |||||||||||||| ||spa||
020 _a978-958-45-1573-5
040 _bspa
082 _aCo863.6 G677e
100 _aGossaí­n Juan
245 0 _aEtcétera
260 _c2008
264 _aNorma
942 _2ddc
_cBKS
999 _c13683
_d13683